| 000 | 00795nam a22002417a 4500 | ||
|---|---|---|---|
| 003 | OSt | ||
| 005 | 20250318003912.0 | ||
| 008 | 250314t2000 |||||||| |||| 00| | eng d | ||
| 020 | _a0-07-237493-4 | ||
| 040 | _cJMCFI - Learning Resource Center | ||
| 082 | _aIBED/HSCir. 658.4 C815 2000 | ||
| 100 |
_aCallarman, William _915995 |
||
| 245 |
_aCornerstone course / _cWilliam Callarman. |
||
| 260 |
_aUnited States of America : _bThe McGraw Hills Companies, Inc., _c2000. |
||
| 300 |
_aix, 566 pages : _bBlack and white, illus. ; _c28 cm |
||
| 504 | _aInclude indexes. | ||
| 650 |
_aMangement. _915996 |
||
| 650 |
_aTeams in the workplace. _913049 |
||
| 650 |
_aBusiness communication. _97860 |
||
| 650 |
_aProblem solving. _92239 |
||
| 650 |
_aOrganizational change. _98444 |
||
| 942 |
_2ddc _cBK _n0 |
||
| 999 |
_c5602 _d5602 |
||